Statistics for War Thunder Sweden aircraft.

Click here to take the quiz!

General Stats

  • This quiz has been taken 24 times
  • The average score is 15 of 44

Answer Stats

HintAnswer% Correct
Rank VIIIJAS39A
64%
Rank VIIAJ37
57%
Rank VIIAJS37
50%
Rank IIB18A
50%
Rank IIIj26
50%
Rank VIIJ35D
50%
Rank VIIJA37C
50%
Rank IIIB18B
43%
Rank IJ11
43%
Rank IIJ20
43%
Rank IIJ22-A
43%
Rank IJ8A
43%
Rank VIIIJA37D
43%
Rank VSAAB-105G
43%
Rank VIA32A
36%
Rank IIB-239
36%
Rank IIIJ22-B
36%
Rank VIIMiG-21Bis
36%
Rank VSK60B
36%
Rank IIIT18B
36%
Rank IIIT18B (57)
36%
Rank IVA21A-3
29%
Rank VA21RB
29%
Rank IB17B
29%
Rank IB3C
29%
Rank IVJ21A-1
29%
Rank IVJ21A-2
29%
Rank VJ29A
29%
Rank VIJ29F
29%
Rank VIJ32B
29%
Rank VIJ34
29%
Rank IJ6B
29%
Rank VA28B
21%
Rank VA29B
21%
Rank IB17A
21%
Rank IVBf 109 G-2
21%
Rank IFokker D.XXI-3
21%
Rank IIHurricane Mk i/l
21%
Rank VJ21RA
21%
Rank IIJu 88 A-4
21%
Rank IS17BS
21%
Rank IT 2
21%
Rank IVBf 109 G-6 Erla
14%
Rank VVampire Fb 52A
14%

Score Distribution

Percentile by Number Answered

Percent of People with Each Score

Your Score History

You have not taken this quiz